000
00285nam a22001217a 4500
020
_a
MACL
082
_a
920/SHI
100
_a
Shrivastava Mrinalini
_9
83525
245
_a
ATAL BIHARI VAJPAYEE
_b
Born Patriot
260
_a
NEW DELHI
_b
Manas Pub.
_c
2020
650
_a
Biography
942
_c
BK
999
_c
68470
_d
68470